Terminal Value Problems for Fractional Differential Equations : Existence, Uniqueness and Stability / (Record no. 526235)

000 -LEADER
fixed length control field 00618nam a22001937a 4500
003 - CONTROL NUMBER IDENTIFIER
control field NUST
005 - DATE AND TIME OF LATEST TRANSACTION
control field 20190710050324.0
008 - FIXED-LENGTH DATA ELEMENTS--GENERAL INFORMATION
fixed length control field 190710b ||||| |||| 00| 0 eng d
020 ## - INTERNATIONAL STANDARD BOOK NUMBER
Qualifying information Hardcover.
038 ## - RECORD CONTENT LICENSOR
Staff Name Mr. Zahoor
082 ## - DEWEY DECIMAL CLASSIFICATION NUMBER
Classification number 510
100 ## - MAIN ENTRY--PERSONAL NAME
Personal name Shah, Syed Afaq Hussain
9 (RLIN) 17206
245 ## - TITLE STATEMENT
Title Terminal Value Problems for Fractional Differential Equations : Existence, Uniqueness and Stability /
Statement of responsibility, etc. Syed Afaq Hussain Shah
260 ## - PUBLICATION, DISTRIBUTION, ETC.
Place of publication, distribution, etc. Islamabad :
Name of publisher, distributor, etc. SNS - NUST,
Date of publication, distribution, etc. 2015.
300 ## - PHYSICAL DESCRIPTION
Extent 64 p. ;
Dimensions 30cm.
650 ## - SUBJECT ADDED ENTRY--TOPICAL TERM
Topical term or geographic name entry element Mathematics - M.Phil Thesis
9 (RLIN) 16594
700 ## - ADDED ENTRY--PERSONAL NAME
Personal name Dr. Mujeeb ur Rehman
9 (RLIN) 16447
942 ## - ADDED ENTRY ELEMENTS (KOHA)
Source of classification or shelving scheme
Koha item type Thesis
Holdings
Withdrawn status Lost status Source of classification or shelving scheme Damaged status Not for loan Permanent Location Current Location Shelving location Date acquired Total Checkouts Full call number Barcode Date last seen Price effective from Koha item type
          Central Library (CL) Central Library (CL) Thesis 07/10/2019   510 CL-T-2167 07/10/2019 07/10/2019 Thesis
© 2023 Central Library, National University of Sciences and Technology. All Rights Reserved.